000
00246nam a2200097Ia 4500
001
867104
005
20250826175600.0
008
250824s9999 xx 000 0 und d
245
0
_a
SİS NASIL OLSA DAĞILIR
_c
AHMET MELİH KARAUĞUZ
260
_b
KETEBE
999
_c
867104
_d
867104